Equipes Nationales Jeu EAFC25 - Statistiques

Statistiques générales
  • Ce quiz a été pris 195 fois
  • Le résultat moyen est 22 sur 34
Statistiques - réponses
Situation Nations % Correct
Europe France 🇨🇵
99%
Europe Angleterre 🇬🇧
92%
Europe Allemagne 🇩🇪
91%
Amerique Argentine 🇦🇷
90%
Europe Espagne 🇪🇦
88%
Oceanie Australie 🇦🇺
85%
Amerique Brésil 🇧🇷
85%
Afrique Maroc 🇲🇦
82%
Europe Belgique 🇧🇪
80%
Europe Italie 🇮🇹
80%
Asie Chine 🇨🇳
77%
Amérique États Unis 🇺🇲
73%
Europe Pays-Bas 🇳🇱
72%
Amerique Canada 🇨🇦
68%
Europe Finlande 🇫🇮
65%
Europe Croatie 🇭🇷
64%
Europe Suède 🇸🇪
64%
Europe Irlande 🇮🇪
63%
Europe Danemark 🇩🇰
61%
Amérique Mexique 🇲🇽
61%
Europe Pologne 🇵🇱
61%
Europe Norvège 🇧🇻
60%
Oceanie Nouvelle-Zelande 🇳🇿
60%
Europe Autriche 🇦🇹
59%
Europe Ukraine 🇺🇦
58%
Europe Ecosse
48%
Europe Hongrie 🇭🇺
47%
Afrique Ghana 🇬🇭
45%
Europe Islande 🇮🇸
45%
Europe Paus-De-Galles 🏴󠁧󠁢󠁷󠁬󠁳󠁿
42%
Europe Roumanie 🇷🇴
42%
Asie Qatar 🇶🇦
38%
Europe Rep.Tcheque 🇨🇿
38%
Europe Irlande du Nord 🇮🇪
37%
Aucun quiz correspondant
Distribution des résultats
% des personnes avec chaque résultat
Percentile par nombre de réponses
Votre historique - résultats
Vous n’avez pas pris ce quiz